000
00343nam a2200145Ia 4500
999
_c
7206
_d
7206
008
191201s1997 xx 000 0 und d
020
_a
9788185749624
100
_a
GILL,P S
245
0
_a
Engineering Drawing
250
_a
10th
260
_c
1997
_b
S K Kataria and Sons
_a
N.Delhi
300
_a
710
650
_a
APPLIED
942
_2
ddc
_c
BB
_0
531